Central Library OPAC University of Rajshahi

The eye of the hurricane : (Record no. 24539)

MARC details
000 -LEADER
fixed length control field 00819cam a2200265 i 4500
001 - CONTROL NUMBER
control field 24539
003 - CONTROL NUMBER IDENTIFIER
rucl marc code BD-RjUL
005 - DATE AND TIME OF LATEST TRANSACTION
control field 20211209001050.0
008 - FIXED-LENGTH DATA ELEMENTS--GENERAL INFORMATION
fixed length control field 140313s1980 coua b 001 0 eng
020 ## - INTERNATIONAL STANDARD BOOK NUMBER
International Standard Book Number 0891587667 :
035 ## - SYSTEM CONTROL NUMBER
System control number (BD-RjUL)24606
040 ## - CATALOGING SOURCE
Original cataloging agency DLC
Transcribing agency DLC
Modifying agency DLC
-- BD-RjUL
Language of cataloging eng
041 ## - LANGUAGE CODE
Language code of text/sound track or separate title eng
082 00 - DEWEY DECIMAL CLASSIFICATION NUMBER
Classification number 940.53494
Author mark and year SCE
100 1# - MAIN ENTRY--PERSONAL NAME
Personal name Schwarz, Urs,
Dates associated with a name 1905-
9 (RLIN) 75526
245 14 - TITLE STATEMENT
Title The eye of the hurricane :
Remainder of title Switzerland in World War Two /
Statement of responsibility, etc. Urs Schwarz.
260 ## - PUBLICATION, DISTRIBUTION, ETC. (IMPRINT)
Place of publication, distribution, etc. Boulder, Colo. :
Name of publisher, distributor, etc. Westview Press,
Date of publication, distribution, etc. 1980.
300 ## - PHYSICAL DESCRIPTION
Pagination xv, 169 p. :
Illustrations ill. ;
Size 24 cm.
504 ## - BIBLIOGRAPHY, ETC. NOTE
Bibliography, etc Includes Bibliography: p. 165 and index.
650 #0 - SUBJECT ADDED ENTRY--TOPICAL TERM
Topical term or geographic name as entry element World War, 1939-1945
Geographic subdivision Switzerland.
9 (RLIN) 75527
651 #0 - SUBJECT ADDED ENTRY--GEOGRAPHIC NAME
Geographic name Switzerland
General subdivision History
Chronological subdivision 20th century.
9 (RLIN) 75528
942 ## - ADDED ENTRY ELEMENTS (KOHA)
Source of classification or shelving scheme Dewey Decimal Classification
Koha item type Books
Holdings
Lost status Source of classification or shelving scheme Damaged status Not for loan Collection code Permanent Location Current Location Shelving location Date acquired Source of acquisition Cost, normal purchase price Total Checkouts Full call number Date last seen Copy number Koha item type
  Dewey Decimal Classification   Added to bundle Non-fiction Central Library, University of Rajshahi Central Library, University of Rajshahi     Asia Fundation Gift 0.00   940.53494 SCE 1980 13/03/2014 C-2 Books